WandaVision (2021): Characters by Picture - Statistics

General Stats
  • This quiz has been taken 31 times
  • The average score is 12 of 20
Answer Stats
Picture Answer % Correct
Agatha Harkness "Agnes"
100%
Vision
100%
Wanda Maximoff
100%
Ralph Bohner
85%
White Vision
81%
Billy Maximoff
77%
Monica Rambeau
73%
Tommy Maximoff
73%
Darcy Lewis
69%
Agent Jimmy Woo
65%
Sharon Davis "Mrs. Hart"
50%
Todd Davis "Mr. Hart"
50%
Sparky
46%
Sarah Proctor "Dottie Jones"
42%
Director Tyler Hayward
38%
Abilash Tandon "Norm Gentilucci"
27%
Evanora Harkness
27%
John Collins "Herb Feltman"
27%
Harold Proctor "Phil Jones"
15%
Major Aly Goodner
4%
No matching quizzes found
Score Distribution
Percent of People with Each Score
Percentile by Number Answered
Your Score History
You have not taken this quiz